Statistics for Best RBs to never lead the league in rushing touchdowns

Click here to take the quiz!

General Stats

  • This quiz has been taken 10 times
    (8 since last reset)
  • The average score is 13 of 20

Answer Stats

TeamsRB% Correct
CHI/NYJMatt Forte
100%
TEN/NYJ/ARIChris Johnson
88%
TEN/DALEddie George
88%
DALTony Dorsett
88%
NEP/NYJCurtis Martin
75%
SFF/IND/MIA/BUF/NYJFrank Gore
75%
NYGTiki Barber
75%
PIT/SEAFranco Harris
63%
JAX/NEPFred Taylor
63%
CHIGale Sayers
63%
DAL/MIN/PHI/NYGHerschel Walker
63%
MIA/NYGLarry Csonka
63%
NOS/MIA/BALRicky Williams
63%
STL/ATL/NEPSteven Jackson
63%
BUF/MIAThurman Thomas
63%
TBB/ATLWarrick Dunn
63%
IND/ARI/SEAEdgerrin James
38%
STL/PITJerome Bettis
38%
PHI/SFFBrian Westbrook
25%
CHI/NYYRed Grange
13%

Score Distribution

Percentile by Number Answered

Percent of People with Each Score

Your Score History

You have not taken this quiz since the last reset